Datum a čas kvízu
35
Celkem bodů
Celkový počet nahraných bodů na tomto kvízu bez doplňovacích otázek.
4.
Pořadí na kvízu
Konečné umístění týmu na tomto kvízu.
Zaznamenané odpovědi
| # | Otázka | Odpověď | Body | Výsledky |
|---|---|---|---|---|
| 1. | Bývalá první dáma oslavila v ú... | Ivana Zemanová, 60 | 1 | |
| 2. | Ve vysílání maďarské státní te... | Bratislavský hrad | 1 | |
| 3. | Jak se jmenuje Miss Czech Repu... | Linda Górecká | 1 | |
| 4. | Skupina Seyfor vedená Martinem... | Dotykačka | 1 | |
| 5. | Minulý týden plnil stránky spo... | Andrej Kollár | 1 | |
| 6. | Podíváme se na několik známých... | Džoser | 1 | |
| 7. | V Egyptě ještě chvíli zůstane... | Tutanchamon | 1 | |
| 8. | Jak se nazývá tento pantheon –... | Slavín | 1 | |
| 9. | Tento hřbitov je situován při... | Arlingtonský | 1 | |
| 10. | V poslední otázce tématu se po... | Jenny Gump | 1 |